| 000 | 00634nam a2200181 i 4500 | ||
|---|---|---|---|
| 001 | 36047 | ||
| 003 | ES-MaACL | ||
| 005 | 20230906155302.0 | ||
| 007 | t| | ||
| 008 | 030217s1937 sp ||||1| spa d | ||
| 100 | 1 |
_aBraeuning, Hermann. _931273 |
|
| 245 | 1 | 3 |
_aLa tuberculosis pulmonar _b: hematogena del adulto, su origen y regresión, su evolución / _cpor Hermann Braeuning y Franz Redeker ; traducción de Enrique Oliva Priego. |
| 260 |
_aBarcelona : _bLabor, _c1937. |
||
| 300 |
_aVIII, 335 p. ; _c23 cm. |
||
| 700 | 1 |
_aRedeker, Franz. _995791 |
|
| 700 | 1 |
_aOliva Priego, Enrique. _986740 |
|
| 852 |
_aES-MaACL _jE-1105 _bR.18002 |
||
| 999 |
_c36047 _d36047 |
||